|
|
|
|
| LEADER |
00000nam0a2200000 4500 |
| 001 |
599328 |
| 005 |
20231101132040.0 |
| 010 |
|
|
|a 9785894284095
|
| 035 |
|
|
|a (RuTPU)RU\TPU\tpu\23329
|
| 090 |
|
|
|a 599328
|
| 100 |
|
|
|a 20130607d2009 m y0rusy50 ca
|
| 101 |
0 |
|
|a rus
|
| 102 |
|
|
|a RU
|
| 105 |
|
|
|a a j 000yy
|
| 200 |
1 |
|
|a Этнография народов Томской области
|e учебное пособие
|f П. Е. Бардина [и др.]
|g Томский государственный педагогический университет (ТГПУ)
|
| 210 |
|
|
|a Томск
|c Изд-во ТГПУ
|d 2009
|
| 215 |
|
|
|a 176 с.
|c ил.
|
| 320 |
|
|
|a Библиогр.: с. 166-172
|
| 333 |
|
|
|a В фонде НТБ ТПУ отсутствует
|
| 610 |
1 |
|
|a труды учёных ТПУ
|
| 701 |
|
1 |
|a Бардина
|b П. Е.
|
| 701 |
|
1 |
|a Гончарова
|b Т. А.
|
| 701 |
|
1 |
|a Грошева
|b Г. В.
|
| 701 |
|
1 |
|a Кошелева
|b Е. Ю.
|c лингвист
|c доцент Томского политехнического университета, кандидат исторических наук
|f 1977-
|g Елена Юрьевна
|2 stltpush
|3 (RuTPU)RU\TPU\pers\29385
|4 070
|
| 701 |
|
1 |
|a Локтионова
|b А. А.
|
| 701 |
|
1 |
|a Лукина
|b Н. В.
|
| 701 |
|
1 |
|a Максимова
|b И. Е.
|
| 701 |
|
1 |
|a Парнюк
|b Л. В.
|
| 701 |
|
1 |
|a Тучкова
|b Н. А.
|
| 712 |
0 |
2 |
|a Томский государственный педагогический университет (ТГПУ)
|c (1995- )
|2 stltpush
|3 (RuTPU)RU\TPU\col\40
|
| 801 |
|
1 |
|a RU
|b 63413507
|c 20130607
|
| 801 |
|
2 |
|a RU
|b 63413507
|c 20130607
|g RCR
|
| 942 |
|
|
|c BK
|